Valuing crop biodiversity : (Record no. 33733)

MARC details
000 -LEADER
fixed length control field 01629cam a22003974a 4500
001 - CONTROL NUMBER
control field 13853285
003 - CONTROL NUMBER IDENTIFIER
control field OSt
005 - DATE AND TIME OF LATEST TRANSACTION
control field 20220328152717.0
008 - FIXED-LENGTH DATA ELEMENTS--GENERAL INFORMATION
fixed length control field 050128s2006 enkab b 001 0 eng
010 ## - LIBRARY OF CONGRESS CONTROL NUMBER
LC control number 2005002725
015 ## - NATIONAL BIBLIOGRAPHY NUMBER
National bibliography number GBA560924
Source bnb
016 7# - NATIONAL BIBLIOGRAPHIC AGENCY CONTROL NUMBER
Record control number 013256004
Source Uk
020 ## - INTERNATIONAL STANDARD BOOK NUMBER
International Standard Book Number 9780851990835 (alk. paper)
020 ## - INTERNATIONAL STANDARD BOOK NUMBER
International Standard Book Number 0851990835 (alk. paper)
035 ## - SYSTEM CONTROL NUMBER
System control number (OCoLC)ocm57557395
040 ## - CATALOGING SOURCE
Original cataloging agency DLC
Transcribing agency HU
Modifying agency UKM
-- BAKER
-- BWKUK
-- DLC
042 ## - AUTHENTICATION CODE
Authentication code pcc
050 00 - LIBRARY OF CONGRESS CALL NUMBER
Classification number SB123.3
Item number .V35 2006
082 00 - DEWEY DECIMAL CLASSIFICATION NUMBER
Classification number 631.5/23
Edition number 22
245 00 - TITLE STATEMENT
Title Valuing crop biodiversity :
Remainder of title on-farm genetic resources and economic change /
Statement of responsibility, etc. edited by Melinda Smale.
260 ## - PUBLICATION, DISTRIBUTION, ETC.
Place of publication, distribution, etc. Wallingford, UK ;
-- Cambridge, MA :
Name of publisher, distributor, etc. CABI Pub.,
Date of publication, distribution, etc. c2006.
300 ## - PHYSICAL DESCRIPTION
Extent xvi, 318 p. :
Other physical details ill., maps ;
Dimensions 25 cm.
504 ## - BIBLIOGRAPHY, ETC. NOTE
Bibliography, etc. note Includes bibliographical references and index.
650 #0 - SUBJECT ADDED ENTRY--TOPICAL TERM
Topical term or geographic name entry element Crops
General subdivision Germplasm resources.
9 (RLIN) 22487
650 #0 - SUBJECT ADDED ENTRY--TOPICAL TERM
Topical term or geographic name entry element Crops
General subdivision Germplasm resources
-- Economic aspects.
9 (RLIN) 34295
650 #0 - SUBJECT ADDED ENTRY--TOPICAL TERM
Topical term or geographic name entry element Plant diversity conservation.
9 (RLIN) 23531
650 #0 - SUBJECT ADDED ENTRY--TOPICAL TERM
Topical term or geographic name entry element Plant diversity conservation
General subdivision Economic aspects.
9 (RLIN) 34296
650 #0 - SUBJECT ADDED ENTRY--TOPICAL TERM
Topical term or geographic name entry element Agricultural innovations.
9 (RLIN) 12793
650 #0 - SUBJECT ADDED ENTRY--TOPICAL TERM
Topical term or geographic name entry element Farms, Small.
9 (RLIN) 34297
700 1# - ADDED ENTRY--PERSONAL NAME
Personal name Smale, Melinda.
9 (RLIN) 34298
856 41 - ELECTRONIC LOCATION AND ACCESS
Materials specified Table of contents only
Uniform Resource Identifier <a href="http://www.loc.gov/catdir/toc/ecip057/2005002725.html">http://www.loc.gov/catdir/toc/ecip057/2005002725.html</a>
856 42 - ELECTRONIC LOCATION AND ACCESS
Materials specified Publisher description
Uniform Resource Identifier <a href="http://www.loc.gov/catdir/enhancements/fy0638/2005002725-d.html">http://www.loc.gov/catdir/enhancements/fy0638/2005002725-d.html</a>
906 ## - LOCAL DATA ELEMENT F, LDF (RLIN)
a 7
b cbc
c orignew
d 1
e ecip
f 20
g y-gencatlg
942 ## - ADDED ENTRY ELEMENTS (KOHA)
Source of classification or shelving scheme Dewey Decimal Classification
Koha item type Books like text book referance book
Suppress in OPAC No
Holdings
Withdrawn status Lost status Source of classification or shelving scheme Damaged status Not for loan Collection code Home library Current library Shelving location Date acquired Total Checkouts Full call number Barcode Date last seen Copy number Price effective from Koha item type
    Dewey Decimal Classification     Reference Wondo Genet Library Wondo Genet Library General Stacks 03/28/2022   631.5/23 VAL 2006 WGCFNRL00014577 03/28/2022 1 03/28/2022 Books like text book referance book